[Event "Chalkidiki"]
[Site "Chalkidiki"]
[Date "1992.??.??"]
[Round "6"]
[White "Adams, Michael"]
[Black "Stohl, Igor"]
[Result "1-0"]
[WhiteElo "2610"]
[BlackElo "2560"]
[Annotator "Schussler,H"]
[PlyCount "73"]
[EventDate "1992.09.??"]
[EventType "tourn"]
[EventRounds "11"]
[EventCountry "GRE"]
[EventCategory "14"]
[SourceTitle "CBM 032"]
[Source "ChessBase"]
[SourceDate "1993.02.01"]
[SourceVersion "1"]
[SourceVersionDate "1993.02.01"]
[SourceQuality "1"]

1. d4 Nf6 2. Bg5 Ne4 3. Bf4 (3. Bh4 c5 4. d5 Qb6 5. Qc1 e6 6. dxe6 dxe6 7. Nf3
Nc6 $10 {Vyzmanavin,A-Neverov,V, Helsinki op 1992. CBM 32 game 624.}) 3... d5 {
The safest way.} (3... c5 $5 4. f3 $1 (4. d5 Qb6 5. Nd2 Qxb2 $1 6. Nxe4 Qb4+ 7.
Qd2 Qxe4 8. Nf3 d6 9. e3 Qb4 10. c3 Qa5 $17 {Adams,M-Gelfand,B, Tilburg 1992.
CBM 32 game 998.}) 4... Qa5+ (4... Nf6 5. d5 Qb6 6. Bc1 e6 $6 7. c4 d6 8. e4 g6
9. Ne2 Bg7 10. Nec3 $5 $14 {Levitina,I-Yrjola,J, Helsinki op 1992. CBM 32 game
361.}) 5. c3 Nf6 6. d5 d6 7. e4 Nbd7 8. Nh3 g6 9. Be2 Bg7 10. O-O O-O 11. Qc2
$14 {Gurevich,M-Niemela,A, Helsinki op 1992. CBM 32 game 241.}) 4. Nd2 (4. f3
Nf6 5. Nc3 c5 $10 6. e4 cxd4 7. Qxd4 Nc6 8. Bb5 Bd7 9. Bxc6 Bxc6 10. e5 Nd7 11.
Nxd5 (11. O-O-O e6 12. Be3 $2 Qc7 $17 {Hoeksma,H-Beliavsky,A, Tilburg 1992.
CBM 32 game 664.}) 11... Nxe5 12. Bxe5 Qxd5 13. Bxg7 Bxg7 14. Qxg7 O-O-O $17)
4... Bf5 5. e3 e6 6. Bd3 Nxd2 7. Qxd2 {Not 7.Bxf5? Nc4.} Bxd3 8. Qxd3 c5 {
8. - Nd7 =} 9. dxc5 Qa5+ 10. c3 Qxc5 11. Nf3 Nc6 $6 {11. - Be7! =} 12. b4 $5
Qb6 13. a4 Be7 $6 {13. - a6!?} 14. a5 Qd8 15. a6 b6 16. O-O O-O 17. e4 $1 $14
Bf6 18. Rfd1 dxe4 19. Qxe4 Qc8 20. Rac1 Ne7 21. b5 Nd5 22. Bd2 Be7 23. Ne5 Bd6
24. c4 Nf6 25. Qe2 Bxe5 26. Qxe5 Rd8 27. g3 Nd7 $6 28. Qe2 Nc5 29. Bc3 Qc7 30.
Be5 Qe7 31. Rc2 Rxd1+ $6 {31. - f6} 32. Qxd1 f6 33. Bd6 $1 Qd7 34. Rd2 Ne4 35.
Rd4 Nxd6 36. Rxd6 Qc7 37. Qd4 $18 {37. - Rc8 38.Rd7 (38. - Qxc4 39.Rd8+ Kf7 40.
Qd7+) + -} 1-0

[Event "Elenite"]
[Site "Elenite"]
[Date "1993.??.??"]
[Round "10"]
[White "Adams, Michael"]
[Black "Georgiev, Kiril"]
[Result "1-0"]
[WhiteElo "2630"]
[BlackElo "2660"]
[Annotator "Schussler,H"]
[PlyCount "41"]
[EventDate "1993.??.??"]
[EventType "tourn"]
[EventRounds "11"]
[EventCountry "BUL"]
[EventCategory "14"]
[SourceTitle "CBM 038"]
[Source "ChessBase"]
[SourceDate "1994.02.01"]
[SourceVersion "1"]
[SourceVersionDate "1994.02.01"]
[SourceQuality "1"]

1. d4 Nf6 2. Bg5 Ne4 3. Bf4 (3. Bh4 d5 {3. - g5} 4. f3 Nd6 5. Nc3 c5 6. dxc5
Nf5 7. Bf2 d4 8. e4 dxc3 9. Qxd8+ Kxd8 10. O-O-O+ Kc7 11. exf5 cxb2+ 12. Kxb2
Bxf5 $14 {Danielian,O-Nadyrhanov,S, Voskresensk 1993.}) 3... c5 4. f3 (4. d5 d6
5. Nd2 Nf6 $5 6. e4 g6 7. Ngf3 Bg7 8. c3 O-O 9. Bd3 e6 10. dxe6 Bxe6 11. O-O
Nc6 $10 {Musson,A-Petran,Pa, EU-cup, Balatonbery 1993.}) 4... Nf6 (4... Qa5+ 5.
c3 Nf6 6. Nd2 cxd4 7. Nb3 Qb6 8. cxd4 d5 9. Rc1 Nc6 10. e3 Bf5 11. Ne2 {
+/=/= Hodgson,JM-Wojtkiewicz,A, Rakvere 1993.}) 5. d5 d6 6. e4 g6 7. Nc3 Bg7 8.
Qd2 O-O 9. Bh6 {9. - e6 10.dxe6!?} Bxh6 10. Qxh6 e6 11. O-O-O exd5 12. exd5 Re8
13. Nge2 a6 {13. - Qe7} 14. Ng3 $1 b5 15. Nce4 Nxe4 16. Nxe4 f5 (16... Ra7 17.
Qf4 $5 f5 18. Qxd6 {18.Nxd6? g5 - +} fxe4 19. Qxb8 $16) 17. Ng5 Qe7 $2 {
17. - Ra7} 18. Bxb5 $1 $18 Qe3+ {18. - axb5 19.Rhe1 + -} 19. Kb1 Re7 20. Be8 $1
Qe5 21. Rhe1 1-0

[Event "Las Palmas"]
[Site "Las Palmas"]
[Date "1993.??.??"]
[Round "8"]
[White "Adams, Michael"]
[Black "Georgiev, Kiril"]
[Result "1-0"]
[WhiteElo "2630"]
[BlackElo "2660"]
[Annotator "Schussler,H"]
[PlyCount "125"]
[EventDate "1993.06.??"]
[EventType "tourn"]
[EventRounds "9"]
[EventCountry "ESP"]
[EventCategory "16"]
[SourceTitle "CBM 036"]
[Source "ChessBase"]
[SourceDate "1993.10.01"]
[SourceVersion "1"]
[SourceVersionDate "1993.10.01"]
[SourceQuality "1"]

1. d4 Nf6 2. Bg5 Ne4 3. Bf4 c5 4. f3 Qa5+ 5. c3 Nf6 6. Nd2 (6. d5 $5 e6 (6...
Qb6 7. b3 e6 8. e4 exd5 9. exd5 Bd6 10. Bg5 $1 $14) 7. e4 exd5 8. exd5 d6 9.
Ne2 Nbd7 10. Nd2 Nb6 11. b4 $1 cxb4 12. c4 $1 $16 {Gulko,B-Browne,W, USA-ch
1992.}) 6... cxd4 7. Nb3 Qd8 $5 (7... Qb6 8. Qxd4 $5 Qxd4 {8. - Nc6 (Browne,W)}
9. cxd4 d5 10. e3 e6 11. g4 {+/=/= Salov,V-Akopian,V Wijk m(2) 1993}) 8. cxd4
g6 $5 9. e4 Bg7 10. Bd3 O-O 11. Ne2 d6 12. O-O Nc6 13. Be3 $14 b6 $6 {x c6} 14.
Rc1 Bb7 15. Bb5 Rc8 16. d5 $1 Ne5 17. Ned4 Rxc1 18. Qxc1 Qb8 19. Rf2 $1 Rc8 20.
Rc2 Rxc2 21. Qxc2 Qc8 22. Nc6 Nxc6 23. dxc6 Ba8 24. c7 Bb7 25. a4 $1 Nd7 26.
Bxd7 Qxd7 27. a5 Bc8 28. axb6 axb6 29. Bxb6 Qa4 30. Be3 h5 31. h3 Kf8 32. Kh2
Be5+ 33. f4 Bf6 34. Qd3 Bxb2 35. Bd4 Bxd4 36. Nxd4 Qb4 37. e5 Qc5 38. Nb5 Bf5
39. exd6 Bxd3 40. d7 Bf5 41. d8=Q+ Kg7 42. Qd4+ Qxd4 43. Nxd4 Bc8 44. Nc6 Kf6
45. Na7 Bb7 46. c8=Q Bxc8 47. Nxc8 h4 48. Kg1 $18 Kf5 49. Nxe7+ Kxf4 50. Kf2 g5
51. Nd5+ Ke5 52. Ne3 Kf4 53. Nd5+ Ke5 54. Nc3 Kf4 55. Ne2+ Ke4 56. Ng1 Kf4 57.
Nf3 f6 58. Nd2 g4 59. Nc4 f5 60. Nd2 Ke5 61. Ke3 f4+ 62. Kf2 Kf5 63. Nc4 1-0

[Event "EU-ch Rapid-30'"]
[Site "Cap d'Agde"]
[Date "1996.??.??"]
[Round "?"]
[White "Adams, Michael"]
[Black "Leko, Peter"]
[Result "1-0"]
[WhiteElo "2685"]
[BlackElo "2630"]
[PlyCount "61"]
[EventDate "1996.10.26"]
[EventType "swiss (rapid)"]
[EventRounds "9"]
[EventCountry "FRA"]
[SourceTitle "CBM 055 Extra"]
[Source "ChessBase"]
[SourceDate "1997.01.01"]
[SourceVersion "1"]
[SourceVersionDate "1997.01.01"]
[SourceQuality "1"]

1. d4 Nf6 2. Bg5 e6 3. e4 h6 4. Bxf6 Qxf6 5. Nc3 d6 6. Qd2 g5 7. g3 Bg7 8. Nb5
Qd8 9. c3 a6 10. Na3 b6 11. Bg2 Bb7 12. Nc2 Nd7 13. Ne3 Qe7 14. Ne2 O-O-O 15.
O-O-O Kb8 16. Kb1 Nf6 17. Qc2 h5 18. e5 Nd5 19. Bxd5 Bxd5 20. Nxd5 exd5 21. f4
gxf4 22. gxf4 dxe5 23. dxe5 Kb7 24. Nd4 Qd7 25. Rhe1 Bh6 26. f5 Rde8 27. e6
fxe6 28. Nxe6 c6 29. c4 Re7 30. Qb3 d4 31. Nc5+ 1-0

[Event "Tata Steel-B 78th"]
[Site "Wijk aan Zee"]
[Date "2016.01.27"]
[Round "10"]
[White "Adhiban, Baskaran"]
[Black "Safarli, Eltaj"]
[Result "1-0"]
[WhiteElo "2653"]
[BlackElo "2653"]
[Annotator "Adhiban,B"]
[PlyCount "123"]
[EventDate "2016.01.16"]
[EventType "tourn"]
[EventRounds "13"]
[EventCountry "NED"]
[EventCategory "13"]
[SourceTitle "CBM 171"]
[Source "ChessBase"]
[SourceDate "2016.03.14"]
[SourceVersion "2"]
[SourceVersionDate "2016.03.14"]
[SourceQuality "1"]

{This game was played towards the end of the very lengthy tournament. Safarli
was one of the key competitors in the battle for the ever-desired victory.} 1.
d4 Nf6 2. Bg5 {Tromp! A surprise for my opponent, but also for myself.} Ne4 3.
Bf4 d5 4. e3 c5 5. Bd3 Nf6 {This system, losing two tempi, feels somewhat
unnatural to me, but Black remains of course very solid. His idea is to
develop the c8-bishop before closing the door shut with e6.} 6. c3 Nc6 7. Nd2
Bg4 8. Ngf3 e6 9. Qa4 $5 {Trying to use the advantage in development, like in
the Cambridge Springs Variation, but with few extra moves under my belt!} c4 $5
(9... Nd7 {is the main move and much less committal as well. Eltaj probably
decided that the poor knight had already moved around enough for the first ten
moves.}) 10. Bb1 $5 {A new move according to my database. I liked this
diagonal for the bishop, but on c2 it would make my queen look trapped. Being
a gentleman, this is not what I do to my queens.} (10. Be2 a6 11. Ne5 Bxe2 12.
Kxe2 {Shimanov-Jurcik, 2012}) 10... Bd6 11. Bg5 $5 {Keeping all the pieces on
the board!} ({The natural} 11. Bxd6 Qxd6 12. b3 {would simplify matters.} (12.
Ne5 $5)) 11... O-O 12. O-O Be7 13. Re1 Rb8 14. b4 $5 {Limiting Black's
counterplay on the queenside.} b5 15. Qd1 a5 16. a3 {The pawn chains might
make one sleepy, but the boringness of the position is delusional. Sooner or
later the centre will get blasted open.} Ra8 (16... e5 {was what I was hoping
for, but things are even messier than I thought.} 17. Qc2 {was my idea...} e4
18. Bxf6 gxf6 $3 (18... Bxf6 19. Nxe4 $1 {is what I was daydreaming about.})
19. Nxe4 {and now time for something pretty-} dxe4 20. Qxe4 f5 $1 21. Qxc6 Rb6
{and the queen is trapped. Who is the gentleman now?}) 17. Bc2 e5 {Now there
is no temptation to go Qc2. I was not happy with this, but life and the game,
continued.} 18. h3 Bxf3 19. Nxf3 Ne4 $6 {Accompanied by the offer of a draw. I
was more worried about 19...e4, so it wasn't hard to refuse this one.} (19...
e4 $1 20. Ne5 Qc7 {and I'm not sure the knight on e5 has as bright a future as
a present.}) 20. Bxe7 Qxe7 (20... Nxe7 {worried me at first, but I don't have
to accept the pawn sacrifice with 21.Bxe4? instead after} 21. dxe5 $1 (21. Bxe4
dxe4 22. Nxe5 f6 23. Ng4 Nd5 {is too pretty to allow}) 21... Nxc3 22. Qd4 $1 {
White is better.}) 21. Bxe4 dxe4 22. Nd2 {The protected d-pawn gave me some
hopes now.} axb4 (22... f5 {allows} 23. a4 $1) 23. axb4 f5 24. d5 $1 {Now
Black is forced to concede the a-file.} (24. Rxa8 {was tempting too, but the
position after} Rxa8 25. f3 exd4 26. exd4 e3 27. f4 {didn't seem that
advantageous for White.}) 24... Rxa1 25. Qxa1 Nd8 26. f3 $1 {Activating the
sleeping knight.} exf3 27. Nxf3 Nf7 28. Qa6 Qd7 $6 (28... Nd6 {is more natural
and better too.} 29. Ra1 {White has some initiative on the queenside. Still
Black should be able to get some counterplay in the centre and on the kingside.
} (29. Ng5 Qxg5 30. Qxd6 Qg3 {with enough counterplay to hold}) 29... h6 $5 {
getting the king out of the way first and stopping any Ng5.} 30. Qb6 Kh7 31.
Ra7 Qf6) 29. Qe6 Rd8 {Here I took some time and came up with a surprisingly
venomous idea.} 30. e4 $1 {Just when everything seemed lost!} fxe4 31. Rxe4
Qxd5 $2 (31... Kf8 $1 {holds after a surreal sequence of cold blooded only
moves.} 32. Nxe5 Qxd5 33. Qf5 g6 34. Qf6 (34. Qf4 $2 {is met with} Re8 $1)
34... Rd6 35. Qf4 g5 $1 36. Qf5 Kg7 {and White has nothing better than
simplifying, when Black gets a draw} 37. Rd4 Qe6 38. Qxe6 Rxe6 39. Nxf7 Kxf7
40. Rd5 Kf6 41. Rxb5 Re3) 32. Rxe5 $1 {Now White gets a nice pull. This is not
the sort of simplifications that my opponent was looking for.} Qxe6 33. Rxe6
Kf8 34. Nd4 {The b5-pawn is weak, while Black has no way to get his hands on
my c3-pawn which is stabilising the whole construction.} Rd5 35. Rc6 Ke7 (35...
Ng5 {going for counterplay was interesting, but White wins a pawn and keeps it.
} 36. Rb6 Ne4 37. Nxb5 Ke7 38. Rb7+ Kf6 39. Na3 $1) 36. Rc7+ $6 {Too hasty.} (
36. Kf2 $1 {is how Karpov would play. I am still learning.}) 36... Kf6 37. Rb7
Nd6 38. Rd7 Rxd4 $2 {Counterplay was the right approach, but this is too
straightforward.} (38... Ke5 $1 {the king hurries towards d3.} 39. Kf1 (39.
Rxg7 Ke4 $1) (39. Re7+ Kf6 $1) 39... Ke4 40. Ke2 g5 {now if White moves the
rook from the d-file Black will get counterplay in the rook endgame with ...
Nf5!. For example:} 41. g3 (41. Rxh7 Kf4 $1 42. Rd7 Ne4 $1) 41... h5 42. Rh7
Nf5 43. Nxf5 Rxf5 44. Rxh5 Rf3 {and Black is in time to make a draw.}) 39. cxd4
Ke6 40. Rc7 Ne4 41. Kf1 Kd6 42. Rc8 Kd5 43. Rd8+ Kc6 44. d5+ (44. Ke2 {once
again bringing up the king first would be a good way to finish things off.}
Nc3+ 45. Kd2 Nd5 46. Rc8+ Kb6 47. Rh8 Nxb4 48. Rxh7 {and White will be first.})
44... Kc7 45. Re8 Nc3 46. Re7+ Kd6 47. Rxg7 Na2 48. Ke2 Nxb4 49. Rxh7 Nxd5 50.
h4 {In the pawn race the rook is clearly superior, but things soon got out of
hand.} b4 51. h5 (51. Kd2 $1 {would kill the counterplay, but it was somewhat
intuitive to let the pawns advance with checks.} b3 52. Kc1 c3 53. Rb7 b2+ 54.
Kb1) 51... b3 52. Rb7 $4 (52. Kd1 $1 {was still required, stopping the pawns.})
52... Nf4+ (52... Kc6 $1 {draws} 53. Rb8 Kc7 $1 {here we both hallucinated
that h6 was possible. Unfortunately the knight is just in time to come back to
g6, so I would have to accede to a draw with Rxb3. This fortunately didn't
happen. Must be my guardian angel?}) 53. Ke3 Nxh5 $4 (53... Kc6 $1 {still
draws:} 54. Rb8 Kc7 $1) 54. Kd4 $2 (54. Rb5 $1 {wasn't easy, but it wins.})
54... Nf4 55. g4 Nd3 $4 (55... Nd5 $1 {was a miraculous draw. Now Black is
threatening to promote his c-pawn.}) 56. g5 Kc6 57. Rb8 $1 Kc7 58. Rb5 $1 {
Now it's over.} Nf4 59. Kxc4 Kd6 60. g6 Ne6 61. Rxb3 Ke7 62. Rf3 {A highly
tense game where in the end I could have played more strongly, to say the
least, but overall a good game and a grind I can be proud of!} 1-0

[Event "Dutch League 2018-19"]
[Site "Netherlands NED"]
[Date "2019.03.16"]
[Round "7.1"]
[White "Admiraal, M."]
[Black "Ikonnikov, Vy"]
[Result "1-0"]
[WhiteElo "2508"]
[BlackElo "2510"]
[PlyCount "69"]
[EventDate "2018.09.15"]
[EventType "team"]
[EventRounds "9"]
[EventCountry "NED"]
[SourceTitle "The Week in Chess 1271"]
[Source "Mark Crowther"]
[SourceDate "2019.03.18"]
[SourceVersion "1"]
[SourceVersionDate "2019.03.18"]
[SourceQuality "2"]
[WhiteTeam "Kennemer Combinatie"]
[BlackTeam "HWP Sas van Gent"]

1. d4 Nf6 2. Bg5 e6 3. e4 h6 4. Bxf6 Qxf6 5. c3 d6 6. Bd3 Nd7 7. Ne2 b6 8. O-O
Bb7 9. f4 h5 10. Nd2 a6 11. Qc2 h4 12. e5 Qh6 13. Be4 d5 14. Bf3 Qh7 15. Qb3 h3
16. g3 Qd3 17. Rad1 Be7 18. Rf2 a5 19. Nf1 a4 20. Qxd5 Qxd1 21. Qxb7 O-O 22.
Qxc7 Rad8 23. Bc6 Nc5 24. Qxe7 Nd3 25. Be4 Nxf2 26. Kxf2 Qa1 27. Ne3 Qxb2 28.
Ng4 Rfe8 29. Qh4 Qxa2 30. Nf6+ Kf8 31. Nxe8 Kxe8 32. Bc6+ Rd7 33. Qh8+ Ke7 34.
Qc8 Rd5 35. Qe8# 1-0

[Event "GRE-chT 32nd"]
[Site "Kallithea"]
[Date "2003.07.09"]
[Round "7"]
[White "Agdestein, Simen"]
[Black "Gelashvili, Tamaz"]
[Result "1-0"]
[WhiteElo "2571"]
[BlackElo "2520"]
[PlyCount "71"]
[EventDate "2003.07.04"]
[EventType "team-tourn"]
[EventRounds "9"]
[EventCountry "GRE"]
[SourceTitle "CBM 095 Extra"]
[Source "ChessBase"]
[SourceDate "2003.09.04"]
[SourceVersion "1"]
[SourceVersionDate "2003.09.04"]
[SourceQuality "1"]

1. d4 Nf6 2. Bg5 e6 3. e4 h6 4. Bxf6 Qxf6 5. Nc3 Bb4 6. Nge2 c5 7. dxc5 Bxc5 8.
f4 g5 9. e5 Qd8 10. Ne4 gxf4 11. Nxf4 Nc6 12. Qh5 Qa5+ 13. c3 Be7 14. Nd6+ Bxd6
15. exd6 Qe5+ 16. Be2 Qxd6 17. O-O Qe5 18. Qh3 Kd8 19. Bh5 f5 20. Ng6 Qc5+ 21.
Kh1 Rg8 22. b4 Qc4 23. Rf4 Qd5 24. Rd1 Qxa2 25. b5 Rxg6 26. bxc6 Rg7 27. Bf3
Kc7 28. Qxh6 Rg8 29. Rfd4 bxc6 30. Qf4+ Kd8 31. Qh4+ Kc7 32. Qf4+ Kd8 33. Bxc6
Rg4 34. Rxd7+ Bxd7 35. Rxd7+ Ke8 36. Rxa7+ 1-0

[Event "World op"]
[Site "Philadelphia"]
[Date "1999.07.05"]
[Round "8"]
[White "Akopian, Vladimir"]
[Black "Blatny, Pavel"]
[Result "1-0"]
[WhiteElo "2724"]
[BlackElo "2599"]
[PlyCount "83"]
[EventDate "1999.06.27"]
[EventType "swiss"]
[EventRounds "9"]
[EventCountry "USA"]
[SourceTitle "EXT 2000"]
[Source "ChessBase"]
[SourceDate "1999.11.16"]
[SourceVersion "1"]
[SourceVersionDate "1999.11.16"]
[SourceQuality "1"]

1. d4 Nf6 2. Bg5 d6 3. Bxf6 exf6 4. c4 f5 5. g3 g6 6. Nc3 Bg7 7. e3 Bd7 8. Bg2
Bc6 9. Nd5 a5 10. h4 h5 11. Nh3 O-O 12. O-O Re8 13. a3 Bd7 14. Ndf4 Bc6 15. Bd5
Bxd5 16. cxd5 a4 17. Rc1 c5 18. dxc6 bxc6 19. Rc4 Qa5 20. Qc2 c5 21. dxc5 dxc5
22. Rxc5 Qb6 23. Rc8 Qb5 24. Qd3 Qe5 25. Nxg6 Qe6 26. Rxe8+ Qxe8 27. Ngf4 Ra5
28. Nxh5 Bxb2 29. Rb1 Bh8 30. Qd6 Nd7 31. Rb7 Nf8 32. Rb8 Rd5 33. Qb4 Rd1+ 34.
Kh2 Rd8 35. Rxd8 Qxd8 36. Qxa4 Ng6 37. Qc2 Ne5 38. Qxf5 Qd1 39. Kg2 Nd3 40.
Qc8+ Kh7 41. Ng5+ Kg6 42. Qg8+ 1-0

[Event "Goodricke op 11th"]
[Site "Kolkata"]
[Date "2000.02.12"]
[Round "7"]
[White "Akopian, Vladimir"]
[Black "Yurtaev, Leonid"]
[Result "1-0"]
[WhiteElo "2660"]
[BlackElo "2536"]
[PlyCount "91"]
[EventDate "2000.02.05"]
[EventType "swiss"]
[EventRounds "11"]
[EventCountry "IND"]
[SourceTitle "CBM 074 Extra"]
[Source "ChessBase"]
[SourceDate "2000.03.10"]
[SourceVersion "2"]
[SourceVersionDate "2000.03.10"]
[SourceQuality "1"]

1. d4 Nf6 2. Bg5 d6 3. Bxf6 exf6 4. c4 f5 5. Nc3 Nd7 6. g3 g6 7. Bg2 Bg7 8. e3
O-O 9. Nge2 c6 10. O-O Re8 11. b4 Nb6 12. c5 Nc4 13. cxd6 Nxd6 14. a4 Be6 15.
b5 Rc8 16. bxc6 bxc6 17. Rc1 Qa5 18. Nb1 Ne4 19. Nf4 Ba2 20. Bxe4 fxe4 21. Qc2
Bxb1 22. Rxb1 Bf8 23. Rb7 c5 24. Qc4 Rc7 25. Rfb1 Rxb7 26. Rxb7 Re7 27. Rxe7
Bxe7 28. Nd5 Kf8 29. Nxe7 Kxe7 30. dxc5 f5 31. Qd4 Qd8 32. h4 Qd7 33. Kg2 a5
34. Qe5+ Kd8 35. Qb8+ Ke7 36. Qb6 Qd1 37. Qxa5 Qf3+ 38. Kg1 Qd1+ 39. Kh2 Qf1
40. Qc7+ Kf6 41. Qf4 h5 42. Qd6+ Kf7 43. Qd2 Qd3 44. Qa2+ Ke7 45. a5 f4 46.
exf4 1-0

[Event "FIDE-Wch k.o. g/25+10"]
[Site "Las Vegas"]
[Date "1999.08.05"]
[Round "2.4"]
[White "Akopian, Vladimir"]
[Black "Antonio, Rogelio Jr"]
[Result "1-0"]
[WhiteElo "2646"]
[BlackElo "2558"]
[Annotator "Alterman,B"]
[PlyCount "89"]
[EventDate "1999.07.31"]
[EventType "k.o. (rapid)"]
[EventRounds "6"]
[EventCountry "USA"]
[SourceTitle "CBM 072"]
[Source "ChessBase"]
[SourceDate "1999.10.01"]
[SourceVersion "1"]
[SourceVersionDate "1999.10.01"]
[SourceQuality "1"]

{[%mdl 8256]} 1. d4 Nf6 2. Bg5 e6 3. e4 h6 4. Bxf6 Qxf6 5. Nc3 Bb4 6. Nf3 d5 7.
e5 Qd8 8. a3 Be7 9. Bd3 c5 10. dxc5 Bxc5 11. O-O Nc6 12. b4 Be7 13. Nb5 a6 14.
Nbd4 Qb6 15. c3 Bd7 16. Qd2 Rc8 17. Rac1 {White has a clear advantage,thanks
to strong position in the centre of all white's pieces and them reading for a
strong attack in the Kingside.} O-O 18. Bb1 a5 19. g3 Na7 (19... f6 20. exf6
Bxf6 21. Qd3 $1) 20. h4 Nb5 21. Qd3 g6 22. h5 $1 Nxa3 23. hxg6 {Opening black
king.} Nxb1 24. Rxb1 axb4 25. gxf7+ Rxf7 26. Qg6+ Rg7 27. Qxh6 {With idea Kg2
and Rh1} Rh7 28. Qe3 Be8 29. Ng5 Bxg5 30. Qxg5+ Rg7 31. Qe3 Rc4 32. Rxb4 Rxb4
33. cxb4 Rg4 34. f4 Bf7 $18 (34... Kf7 35. Qc3 $16) 35. Qc3 Rg6 (35... Bg6 36.
Kf2 Be4 37. Qc8+ Kh7 38. Rd1 $18) 36. Kg2 Qd8 37. Rh1 (37. Rc1 $5 {Looks strong
} Qh4 38. Qc8+ Kg7 39. Nxe6+ Bxe6 40. Rc7+ Bf7 41. Rxf7+ $3 {This is a point.}
Kxf7 42. Qf5+ Ke7 43. Qxg6 Qh8 44. Qd6+ Kf7 45. e6+ Kg6 46. f5+ Kxf5 47. Qxd5+
Kg6 48. Qe4+ $18) 37... Qa8 38. f5 exf5 (38... Rg4 39. fxe6 Bg6 40. Rh4 Be4+
41. Kh3 $18) 39. e6 Be8 (39... Bxe6 40. Nxe6 d4 41. Nxd4 Qa2+ 42. Nc2 Qd5+ 43.
Kg1 $18) 40. Nxf5 $1 Qa2+ (40... d4 41. Ne7+ Kf8 42. Nxg6+ Kg7 43. Qxd4+ Kxg6
44. Qg4+ Kf6 45. Rf1+ $18) 41. Kf3 $1 {a beautiful, forced end to the game} d4
42. Ne7+ Kg7 (42... Kf8 43. Rh8+ Rg8 44. Ng6+) 43. Qxd4+ Rf6+ 44. Nf5+ Kg8 45.
Rh8+ $1 {better than holding on to the material} (45. Rh8+ Kxh8 46. Qxf6+ Kg8
47. Qg7#) 1-0